La sala del riñon
সংরক্ষণ করুন:
| প্রধান লেখক: | |
|---|---|
| বিন্যাস: | গ্রন্থ |
| ভাষা: | স্প্যানিশ |
| প্রকাশিত: |
Santiago
Editorial del Pacifico
1972
|
| সংস্করন: | 1a. ed |
| বিষয়গুলি: | |
| ট্যাগগুলো: |
ট্যাগ যুক্ত করুন
কোনো ট্যাগ নেই, প্রথমজন হিসাবে ট্যাগ করুন!
|
MARC
| LEADER | 00000cam a2200000 a 4500 | ||
|---|---|---|---|
| 001 | UCE3091 | ||
| 003 | CL-VaPUC | ||
| 008 | 140814e19720000cl |||||||||||||||||spa|d | ||
| 082 | 0 | 4 | |a Ch863 |b MOR |2 21 |
| 100 | |a Moraleda, Luis |e autor |9 575600 | ||
| 245 | 1 | 3 | |a La sala del riñon |
| 250 | |a 1a. ed | ||
| 300 | |a 117 p | ||
| 942 | |c BK | ||
| 945 | |d 20140814 14:58:00 |a arojas | ||
| 260 | |a Santiago |b Editorial del Pacifico |c 1972 | ||
| 650 | 0 | |a Literatura chilena |9 308278 | |
| 650 | 0 | |a Cuentos chilenos |9 308280 | |
| 583 | |a last modification |c 20140814 14:58:00 |k Rodrigo Vera | ||
| 999 | |c 356540 |d 356538 | ||
| 952 | |0 0 |1 0 |3 erb |4 0 |6 CH_863_000000000000000_MOR_1972 |7 0 |8 A |9 463987 |a BIBEDU |b BIBEDU |i 5009758 |o Ch863 MOR 1972 |p 5009758 |r 2019-11-23 |w 2019-11-23 |y BK |z Catalogado en:20140814 |k LIT | ||